| Tag |
First Indicator |
Second Indicator |
Subfields |
| LEADER |
00000cam a2200000 a 4500 |
| 001 |
in00001235921 |
| 005 |
20151003061004.0 |
| 008 |
940511s1995 nyu b 001 0 eng |
| 010 |
|
|
|a 94018379
|
| 020 |
|
|
|a 0195093720 (acid-free paper)
|
| 035 |
|
|
|a (OCoLC)30545120
|
| 035 |
|
|
|9 AGS3156AM
|
| 040 |
|
|
|a DLC
|c DLC
|d IAI
|d TXA
|d UtOrBLW
|
| 043 |
|
|
|a e------
|a ff-----
|a aw-----
|
| 049 |
|
|
|a TXAM
|
| 050 |
0 |
0 |
|a PA6054
|b .G65 1995
|
| 082 |
0 |
0 |
|a 873/.0109
|2 20
|
| 100 |
1 |
|
|a Goldberg, Sander M.
|
| 245 |
1 |
0 |
|a Epic in Republican Rome /
|c Sander M. Goldberg.
|
| 264 |
|
1 |
|a New York :
|b Oxford University Press,
|c 1995.
|
| 300 |
|
|
|a xii, 196 pages ;
|c 25 cm.
|
| 336 |
|
|
|a text
|b txt
|2 rdacontent
|
| 337 |
|
|
|a unmediated
|b n
|2 rdamedia
|
| 338 |
|
|
|a volume
|b nc
|2 rdacarrier
|
| 504 |
|
|
|a Includes bibliographical references and indexes.
|
| 650 |
|
0 |
|a Epic poetry, Latin
|x History and criticism.
|
| 651 |
|
0 |
|a Rome
|x History
|y Republic, 510-30 B.C.
|
| 650 |
|
0 |
|a Literature and history
|z Rome.
|
| 651 |
|
0 |
|a Rome
|x In literature.
|
| 999 |
|
|
|a MARS
|
| 999 |
f |
f |
|s 35885799-d0d5-33d3-997a-93f2095ecd4c
|i 4abf856e-d06c-3080-912a-8df36d4187ff
|t 0
|
| 952 |
f |
f |
|p ric
|a Texas A&M University
|b Rellis Campus
|c Joint Library Facility
|d Remote Storage
|t 0
|e PA6054 .G65 1995
|h Library of Congress classification
|i unmediated -- volume
|m A14819026468
|
| 998 |
f |
f |
|a PA6054 .G65 1995
|t 0
|l Remote Storage
|